| 000 | 00613nam a22002177a 4500 | ||
|---|---|---|---|
| 003 | UA-OsUOA | ||
| 001 | 66319 | ||
| 007 | ta | ||
| 008 | 20091225b un ||||| |||| 00| 0 ukr d | ||
| 090 |
_a94(477).152 _bА61 |
||
| 942 | _cBK | ||
| 040 |
_aUA-OsUOA _bukr _cUA-OsUOA _dUA-OsUOA |
||
| 245 | _aАмериканське чудо. Альманах Українського Союзу | ||
| 300 | _a300 с. | ||
| 955 | _a2 | ||
| 041 | _aukr | ||
| 080 | _a94(477).152 | ||
| 260 |
_aДжерзі _bСвобода _c1976 |
||
| 650 | 7 |
_a9 Географія. Біографії. Історія _2UDC |
|
| 999 |
_c352454 _d352454 |
||